00364nam a22001337a 450000500170000000800410001704100130005808200130007110000130008424500440009726000340014130000290017565000260020420240508095125.0240508b |||||||| |||| 00| 0 eng d aEnglish  a349 LAW  lEnglish  aThe Law Reports: King's Bench Division  aLondon: bTHE COUNCIL, c1940 bxxv, 893 pages; c25 cm. aLegal practice bLaw